| 000 | 00950nam a2200253 a 4500 | ||
|---|---|---|---|
| 001 | adlib96000001 | ||
| 003 | ViArRB | ||
| 005 | 200902210153555.7 | ||
| 008 | 960221s1955 dcuabcdjdbkoqu001 0deng d | ||
| 020 | _a | ||
| 022 | _a | ||
| 040 | _aAdlib | ||
| 082 | _a547(051)_PRO.10 | ||
| 245 | _aProgress in the chemistry of organic natural products. | ||
| 250 | _a | ||
| 260 |
_aVienna _bVerlag von Julius, Springer _c1938-1976 |
||
| 300 |
_aV..1-33 _c |
||
| 500 | _a | ||
| 100 |
_a _e |
||
| 700 |
_a _a |
||
| 942 | _cREF | ||
| 653 |
_aOrganic chemistry _aPhysical organic chemistry _aChemistry _aSpectroscopy _aBiochemistry _aSpectrum analysis _aAcids _aBases- chemistry _aPhysical science _aScience _aChemistry _aSpectroscopy _aBiochemistry _aSpectrum analysis _aAcids _aBases- chemistry _aPhysical science _aScience _aOrganic reactions |
||
| 952 |
_w2010-06-16 _p00014611 _r2010-06-16 _40 _00 _bUL _10 _o547(051) PRO.10 _d2010-06-16 _70 _yREF _aUL |
||
| 999 |
_c15662 _d15661 |
||